000 00408nam a2200181Ia 4500
001 14241
005 20260306164900.0
008 260306t2008||||xx |||||||||||||| ||spa||
041 _aESP
082 _a510.076
_bV45 2008
100 _aVenero B. Jesús Armando
_eAUT
245 0 _aMatemática básica
260 _c2008
300 _a
_c
650 _aGEN
654 _aCMA
942 _cLIB
_dJUS
_fJUS
_2ddc
_n
999 _c14241
_d14241